000 00322nam a22001337a 4500
008 171010b xxu||||| |||| 00| 0 eng d
020 _a9780195135459
041 _aeng
080 _23RD
_a316
100 _a50
101 _aSOC
245 _aPREVENTION AND CONTROL OF JUVENILE DELINQUENCY
_cLUNDMAN,R.J
942 _2udc
_cBK
999 _c32816
_d32816